Statystyki dla Przekrocz granicę - gdzie teraz jesteś?

Kliknij tutaj aby rozwiązać quiz!

Ogólne statystyki

  • Ten quiz został rozwiązany 1 588 razy
  • Średni wynik to 8 z 10

Statystyki odpowiedzi

KierunekPaństwo% Poprawnych
północChiny
100%
północny zachódKazachstan
79%
zachódRosja
78%
północBiałoruś
75%
południowy zachódUkraina
75%
południowy zachódCzechy
74%
północny zachódPolska
74%
południeUkraina
74%
południeAustria
73%
wschódWęgry
72%

Rozkład punktacji

Percentyl według liczby udzielonych odpowiedzi

Procent ludzi z każdym wynikiem

Twoja historia wyników

Nie rozwiązałeś tego quizu